000 00720nas a2200241 i 4500
001 231
003 ES-MaACL
005 20250814062531.0
007 t|
008 950801c1951 sp | | 1 ||pa d
080 _a06
245 0 0 _aAragoneses
_b: órgano del Centro Aragonés de Madrid.
260 _aMadrid :
_bCentro Aragonés de Madrid,
_c1951- (
_fEstades)
300 _a1 v. ;
_c24 cm.
310 _aMensual
362 1 _aAño 1, n. 1 (en. 1951)-
650 1 4 _aMonografías regionales.
_915170
650 4 _aInstituciones científicas y diversas
_913829
710 2 _aCentro Aragonés de Madrid.
_92564
852 _aES-MaACL
_jHEM-H-179
_xhem-1497
_d
866 0 _o1952,1965-66(1967).
999 _c231
_d231